[Event "DVM U10 2018"]
[Site "Magdeburg GER"]
[Date "2018.12.29"]
[Round "7"]
[White "Klaska, Philipp Leon"]
[Black "Sommer, Justus"]
[Result "1-0"]
[Termination "normal"]
[Board "2.1"]
[WhiteElo "1398"]
[BlackElo "1663"]
[WhiteClock "00:26:18"]
[BlackClock "00:28:06"]
[WhiteTeam "Düsseldorfer SV"]
[BlackTeam "Lübecker SV"]
[PlyCount "85"]
[WhiteFideId "16238044"]
[BlackFideId "16245008"]
[EventCountry "GER"]
[EventRounds "7"]
[EventType "team-swiss"]
[EventDate "2018.12.27"]

1. e4 {[%clk 0:59:59]} e5 {[%clk 0:59:54]} 2. Nf3 {[%clk 0:59:55]} Nc6 {[%clk
0:59:47]} 3. Bc4 {[%clk 0:59:53]} Bc5 {[%clk 0:59:40]} 4. c3 {[%clk 0:59:47]}
Nf6 {[%clk 0:59:35]} 5. d4 {[%clk 0:59:42]} exd4 {[%clk 0:59:25]} 6. cxd4
{[%clk 0:59:38]} Bb4+ {[%clk 0:59:14]} 7. Bd2 {[%clk 0:59:32]} Bxd2+ {[%clk
0:59:05]} 8. Nbxd2 {[%clk 0:59:27]} d5 {[%clk 0:58:43]} 9. exd5 {[%clk
0:59:22]} Nxd5 {[%clk 0:58:34]} 10. O-O {[%clk 0:59:17]} O-O {[%clk 0:58:20]}
11. Re1 {[%clk 0:59:12]} Nb6 {[%clk 0:57:50]} 12. Bb3 {[%clk 0:53:26]} Nxd4
{[%clk 0:51:50]} 13. Nxd4 {[%clk 0:49:01]} Qxd4 {[%clk 0:51:27]} 14. Rc1 {[%clk
0:47:45]} c6 {[%clk 0:48:59]} 15. Nc4 {[%clk 0:40:08]} Qxd1 {[%clk 0:41:39]}
16. Rcxd1 {[%clk 0:39:17]} Nxc4 {[%clk 0:40:08]} 17. Bxc4 {[%clk 0:39:12]} Bf5
{[%clk 0:39:25]} 18. Re7 {[%clk 0:38:29]} b5 {[%clk 0:38:36]} 19. Bb3 {[%clk
0:37:45]} a5 {[%clk 0:37:03]} 20. a3 {[%clk 0:36:27]} Rae8 {[%clk 0:35:34]} 21.
Bxf7+ {[%clk 0:35:47]} Rxf7 {[%clk 0:34:27]} 22. Rxe8+ {[%clk 0:35:40]} Rf8
{[%clk 0:34:21]} 23. Re5 {[%clk 0:31:24]} Bc8 {[%clk 0:32:35]} 24. Rd6 {[%clk
0:30:57]} Bb7 {[%clk 0:32:08]} 25. Re7 {[%clk 0:30:44]} Ba8 {[%clk 0:31:43]}
26. Rdd7 {[%clk 0:30:32]} Rf5 {[%clk 0:30:03]} 27. Re8+ {[%clk 0:30:18]} Rf8
{[%clk 0:29:55]} 28. Rxf8+ {[%clk 0:30:12]} Kxf8 {[%clk 0:29:48]} 29. Rd8+
{[%clk 0:30:09]} Ke7 {[%clk 0:29:39]} 30. Rxa8 {[%clk 0:30:04]} a4 {[%clk
0:29:32]} 31. Ra7+ {[%clk 0:29:53]} Kd6 {[%clk 0:29:27]} 32. Kf1 {[%clk
0:29:32]} Kd5 {[%clk 0:29:18]} 33. Ke2 {[%clk 0:29:12]} Kc4 {[%clk 0:29:13]}
34. Kd2 {[%clk 0:29:03]} c5 {[%clk 0:29:00]} 35. Kc2 {[%clk 0:28:46]} Kd5
{[%clk 0:28:45]} 36. Rxg7 {[%clk 0:28:39]} b4 {[%clk 0:28:38]} 37. Rxh7 {[%clk
0:27:30]} Kc4 {[%clk 0:28:27]} 38. Ra7 {[%clk 0:26:32]} b3+ {[%clk 0:28:14]}
39. Kd2 {[%clk 0:26:18]} Kb5 {[%clk 0:28:06]} 40. Kc3 c4 41. Rxa4 Kxa4 42. Kxc4
Kb5+ 43. Kc3 1-0

[Event "DVM U10 2018"]
[Site "Magdeburg GER"]
[Date "2018.12.29"]
[Round "7"]
[White "Sickmann, Lisa"]
[Black "Dordevic, Tom"]
[Result "1/2-1/2"]
[Termination "normal"]
[Board "2.2"]
[WhiteElo "1321"]
[BlackElo "1158"]
[WhiteClock "00:24:53"]
[BlackClock "00:17:36"]
[WhiteTeam "Lübecker SV"]
[BlackTeam "Düsseldorfer SV"]
[PlyCount "78"]
[WhiteFideId "16267818"]
[BlackFideId "16260503"]
[EventCountry "GER"]
[EventRounds "7"]
[EventType "team-swiss"]
[EventDate "2018.12.27"]

1. d4 {[%clk 0:59:55]} d5 {[%clk 0:59:49]} 2. Nf3 {[%clk 0:59:47]} Nf6 {[%clk
0:59:38]} 3. Bf4 {[%clk 0:59:38]} c5 {[%clk 0:59:30]} 4. e3 {[%clk 0:59:03]}
Nc6 {[%clk 0:58:59]} 5. c3 {[%clk 0:58:36]} e6 {[%clk 0:58:30]} 6. Bd3 {[%clk
0:58:27]} Be7 {[%clk 0:57:51]} 7. O-O {[%clk 0:58:18]} O-O {[%clk 0:57:41]} 8.
Ne5 {[%clk 0:58:03]} Nxe5 {[%clk 0:55:52]} 9. Bxe5 {[%clk 0:57:42]} Nd7 {[%clk
0:54:45]} 10. Bf4 {[%clk 0:57:27]} b6 {[%clk 0:53:48]} 11. Qc2 {[%clk 0:56:44]}
f5 {[%clk 0:52:38]} 12. Nd2 {[%clk 0:56:05]} Nf6 {[%clk 0:50:59]} 13. Nf3
{[%clk 0:54:22]} Ne4 {[%clk 0:49:37]} 14. Bxe4 {[%clk 0:53:55]} fxe4 {[%clk
0:49:22]} 15. Ne5 Bb7 {[%clk 0:46:09]} 16. Qe2 {[%clk 0:51:13]} Bc8 {[%clk
0:41:24]} 17. Qg4 {[%clk 0:49:19]} Kh8 {[%clk 0:40:49]} 18. Qh5 {[%clk
0:48:38]} Qe8 {[%clk 0:40:28]} 19. Qxe8 {[%clk 0:47:02]} Rxe8 {[%clk 0:40:19]}
20. Rac1 {[%clk 0:45:14]} Bf6 {[%clk 0:38:50]} 21. Rfd1 {[%clk 0:44:48]} Bxe5
{[%clk 0:38:35]} 22. Bxe5 {[%clk 0:44:39]} Ba6 {[%clk 0:37:46]} 23. Bd6 {[%clk
0:43:11]} Rac8 {[%clk 0:36:58]} 24. h3 {[%clk 0:41:47]} Red8 {[%clk 0:35:49]}
25. Be5 {[%clk 0:41:28]} Bd3 {[%clk 0:31:07]} 26. Kh2 {[%clk 0:38:40]} Rf8
{[%clk 0:30:33]} 27. Kg3 {[%clk 0:38:28]} c4 {[%clk 0:29:04]} 28. Rd2 {[%clk
0:34:57]} Rf5 {[%clk 0:27:38]} 29. Rh1 {[%clk 0:33:57]} Rg5+ {[%clk 0:26:47]}
30. Kh2 {[%clk 0:32:20]} Rf8 {[%clk 0:25:50]} 31. Bd6 {[%clk 0:31:56]} Rf7
{[%clk 0:25:25]} 32. Bf4 {[%clk 0:31:35]} Rgf5 {[%clk 0:25:02]} 33. Rg1 {[%clk
0:30:46]} Rf8 {[%clk 0:22:38]} 34. g4 {[%clk 0:28:33]} R5f7 {[%clk 0:22:17]}
35. Rg2 {[%clk 0:27:52]} h6 {[%clk 0:20:28]} 36. Bd6 {[%clk 0:26:27]} Rd8
{[%clk 0:19:53]} 37. Be5 {[%clk 0:25:52]} Rdf8 {[%clk 0:19:30]} 38. Bf4 {[%clk
0:25:24]} g5 {[%clk 0:18:18]} 39. Be5+ {[%clk 0:24:53]} Kh7 {[%clk 0:17:36]}
1/2-1/2

[Event "DVM U10 2018"]
[Site "Magdeburg GER"]
[Date "2018.12.29"]
[Round "7"]
[White "Güsmer, Aaron Raphael"]
[Black "Dimitriu, Filip"]
[Result "0-1"]
[Termination "normal"]
[Board "2.4"]
[WhiteElo "1051"]
[BlackElo "600"]
[WhiteClock "00:38:16"]
[BlackClock "00:49:06"]
[WhiteTeam "Lübecker SV"]
[BlackTeam "Düsseldorfer SV"]
[PlyCount "36"]
[BlackFideId "1269950"]
[EventCountry "GER"]
[EventRounds "7"]
[EventType "team-swiss"]
[EventDate "2018.12.27"]

1. e4 {[%clk 0:59:57]} c5 {[%clk 0:59:52]} 2. Nf3 {[%clk 0:59:51]} d6 {[%clk
0:59:26]} 3. Nc3 {[%clk 0:59:35]} Nf6 {[%clk 0:59:03]} 4. Bc4 {[%clk 0:59:19]}
e6 {[%clk 0:58:54]} 5. O-O {[%clk 0:59:01]} Be7 {[%clk 0:58:37]} 6. d3 {[%clk
0:58:47]} O-O {[%clk 0:58:06]} 7. Re1 {[%clk 0:56:16]} Nc6 {[%clk 0:57:39]} 8.
e5 {[%clk 0:53:08]} dxe5 {[%clk 0:56:15]} 9. Nxe5 {[%clk 0:53:00]} Nxe5 {[%clk
0:55:25]} 10. Rxe5 {[%clk 0:52:50]} Qc7 {[%clk 0:54:58]} 11. Re1 {[%clk
0:52:20]} a6 {[%clk 0:53:17]} 12. a4 {[%clk 0:51:04]} Bd6 {[%clk 0:52:39]} 13.
g3 {[%clk 0:50:44]} b6 {[%clk 0:52:08]} 14. Bg5 {[%clk 0:46:55]} Be7 {[%clk
0:51:44]} 15. Bf4 {[%clk 0:44:20]} Qc6 {[%clk 0:51:00]} 16. d4 {[%clk 0:38:51]}
Rd8 {[%clk 0:49:45]} 17. Be3 {[%clk 0:38:16]} Bb7 {[%clk 0:49:06]} 18. Bf1 Qh1#
0-1